MATLAB : using MATLAB graphics (Record no. 301192)
[ view plain ]
| 000 -LEADER | |
|---|---|
| fixed length control field | 00375 a2200145 4500 |
| 001 - CONTROL NUMBER | |
| control field | 66119 |
| 082 ## - DEWEY DECIMAL CLASSIFICATION NUMBER | |
| Classification number | 519.402855369 MAT |
| 090 ## - LOCALLY ASSIGNED LC-TYPE CALL NUMBER (OCLC); LOCAL CALL NUMBER (RLIN) | |
| -- | 38416 |
| -- | 38416 |
| 100 ## - MAIN ENTRY--PERSONAL NAME | |
| Personal name | Math Works Inc |
| 245 ## - TITLE STATEMENT | |
| Title | MATLAB : using MATLAB graphics |
| 260 ## - PUBLICATION, DISTRIBUTION, ETC. | |
| Place of publication, distribution, etc. | Natick, MA |
| Name of publisher, distributor, etc. | The Math Works Inc |
| Date of publication, distribution, etc. | 1996 |
| 300 ## - PHYSICAL DESCRIPTION | |
| Extent | 100 p |
| 500 ## - GENERAL NOTE | |
| General note | MS textbook Avionics |
| 650 ## - SUBJECT ADDED ENTRY--TOPICAL TERM | |
| Topical term or geographic name entry element | MATLAB graphics |
| 942 ## - ADDED ENTRY ELEMENTS (KOHA) | |
| Institution code [OBSOLETE] | NUST-CAE |
| Call number prefix | 519.402855369 MAT |
| Withdrawn status | Lost status | Damaged status | Not for loan | Collection code | Permanent Location | Current Location | Date acquired | Total Checkouts | Full call number | Barcode | Date last seen | Price effective from | Koha item type |
|---|---|---|---|---|---|---|---|---|---|---|---|---|---|
| College of Aeronautical Engineering (CAE) | College of Aeronautical Engineering (CAE) | 04/03/2017 | 519.402855369 MAT | CAEN-300 | 04/05/2017 | 04/05/2017 | Book | ||||||
| College of Aeronautical Engineering (CAE) | College of Aeronautical Engineering (CAE) | 04/03/2017 | 519.402855369 MAT | CAEN-302 | 04/05/2017 | 04/05/2017 | Book | ||||||
| College of Aeronautical Engineering (CAE) | College of Aeronautical Engineering (CAE) | 04/03/2017 | 519.402855369 MAT | CAEN-301 | 04/05/2017 | 04/05/2017 | Book |
